<?xml version="1.0" encoding="UTF-8"?>
<record
    xmlns:xsi="http://www.w3.org/2001/XMLSchema-instance"
    xsi:schemaLocation="http://www.loc.gov/MARC21/slim http://www.loc.gov/standards/marcxml/schema/MARC21slim.xsd"
    xmlns="http://www.loc.gov/MARC21/slim">

  <leader>00697nam a22002417a 4500</leader>
  <datafield tag="999" ind1=" " ind2=" ">
    <subfield code="c">68862</subfield>
    <subfield code="d">68859</subfield>
  </datafield>
  <controlfield tag="003">PK-NaQUE</controlfield>
  <controlfield tag="005">20250619145343.0</controlfield>
  <controlfield tag="008">250619b           ||||| |||| 00| 0 eng d</controlfield>
  <datafield tag="020" ind1=" " ind2=" ">
    <subfield code="a">9788131204542</subfield>
  </datafield>
  <datafield tag="040" ind1=" " ind2=" ">
    <subfield code="c">QUEST</subfield>
  </datafield>
  <datafield tag="082" ind1=" " ind2=" ">
    <subfield code="a">660BAC</subfield>
  </datafield>
  <datafield tag="100" ind1=" " ind2=" ">
    <subfield code="a">Backhurst, J R.</subfield>
  </datafield>
  <datafield tag="245" ind1=" " ind2=" ">
    <subfield code="a">Coulson and Richardson's Chemical Engineering : solutions to the problems in volumes 2 &amp; 3</subfield>
  </datafield>
  <datafield tag="250" ind1=" " ind2=" ">
    <subfield code="a">Vol : II &amp; III</subfield>
  </datafield>
  <datafield tag="260" ind1=" " ind2=" ">
    <subfield code="a">New Delhi:</subfield>
    <subfield code="b">Elsevier,</subfield>
    <subfield code="c">2014</subfield>
  </datafield>
  <datafield tag="300" ind1=" " ind2=" ">
    <subfield code="a">340p.</subfield>
  </datafield>
  <datafield tag="650" ind1=" " ind2=" ">
    <subfield code="a">Chemical engineering</subfield>
  </datafield>
  <datafield tag="700" ind1=" " ind2=" ">
    <subfield code="a">Harker, J H.</subfield>
  </datafield>
  <datafield tag="700" ind1=" " ind2=" ">
    <subfield code="a">Richardson, J.F.</subfield>
  </datafield>
  <datafield tag="700" ind1=" " ind2=" ">
    <subfield code="a">Coulson, J M</subfield>
  </datafield>
  <datafield tag="856" ind1=" " ind2=" ">
    <subfield code="u">http://10.10.170.122:8080/browse/book/27604</subfield>
    <subfield code="y">Download eBook</subfield>
  </datafield>
  <datafield tag="942" ind1=" " ind2=" ">
    <subfield code="c">BK</subfield>
    <subfield code="2">ddc</subfield>
  </datafield>
  <datafield tag="952" ind1=" " ind2=" ">
    <subfield code="0">0</subfield>
    <subfield code="1">0</subfield>
    <subfield code="4">0</subfield>
    <subfield code="7">0</subfield>
    <subfield code="a">QUESTCL</subfield>
    <subfield code="b">QUESTCL</subfield>
    <subfield code="d">2025-05-27</subfield>
    <subfield code="g">3312.00</subfield>
    <subfield code="l">0</subfield>
    <subfield code="o">	660.28BAC</subfield>
    <subfield code="p">58813</subfield>
    <subfield code="r">2025-05-27 00:00:00</subfield>
    <subfield code="w">2025-05-27</subfield>
    <subfield code="y">BK</subfield>
  </datafield>
  <datafield tag="952" ind1=" " ind2=" ">
    <subfield code="0">0</subfield>
    <subfield code="1">0</subfield>
    <subfield code="4">0</subfield>
    <subfield code="7">0</subfield>
    <subfield code="a">QUESTCL</subfield>
    <subfield code="b">QUESTCL</subfield>
    <subfield code="d">2025-06-03</subfield>
    <subfield code="g">2201.00</subfield>
    <subfield code="l">0</subfield>
    <subfield code="o">	660.28BAC</subfield>
    <subfield code="p">58958</subfield>
    <subfield code="r">2025-06-03 00:00:00</subfield>
    <subfield code="w">2025-06-03</subfield>
    <subfield code="y">BK</subfield>
  </datafield>
  <datafield tag="952" ind1=" " ind2=" ">
    <subfield code="0">0</subfield>
    <subfield code="1">0</subfield>
    <subfield code="2">ddc</subfield>
    <subfield code="4">0</subfield>
    <subfield code="7">0</subfield>
    <subfield code="a">REF</subfield>
    <subfield code="b">REF</subfield>
    <subfield code="c">REF</subfield>
    <subfield code="d">2025-11-11</subfield>
    <subfield code="l">0</subfield>
    <subfield code="o">	660.28 COU (Shelf-87D)</subfield>
    <subfield code="p">57788</subfield>
    <subfield code="r">2025-11-11 00:00:00</subfield>
    <subfield code="w">2025-11-11</subfield>
    <subfield code="y">BK</subfield>
  </datafield>
  <datafield tag="952" ind1=" " ind2=" ">
    <subfield code="0">0</subfield>
    <subfield code="1">0</subfield>
    <subfield code="2">ddc</subfield>
    <subfield code="4">0</subfield>
    <subfield code="7">0</subfield>
    <subfield code="a">REF</subfield>
    <subfield code="b">REF</subfield>
    <subfield code="c">REF</subfield>
    <subfield code="d">2025-11-11</subfield>
    <subfield code="l">0</subfield>
    <subfield code="o">	660.28 COU (Shelf-87D)</subfield>
    <subfield code="p">54314</subfield>
    <subfield code="r">2025-11-11 00:00:00</subfield>
    <subfield code="w">2025-11-11</subfield>
    <subfield code="y">BK</subfield>
  </datafield>
</record>
